Using PowerBuilder 6 /

Bibliographic Details
Main Author: Heys, William B.
Corporate Author: NetLibrary, Inc
Other Authors: Wood, Charles A.
Format: eBook
Language:English
Published: Indianapolis, Ind. : Que, 1997.
Edition:Special ed.
Subjects:
Online Access:Connect to the full text of this electronic book

MARC

Tag First Indicator Second Indicator Subfields
LEADER 00000cam a2200000 a 4500
001 in00001625035
005 20220105104831.0
006 m u
007 cr cn|||||||||
008 010330s1997 inua s 001 0 eng d
020 |a 0585213739 (electronic bk.) :  |c $49.99 
020 |z 078971437X (pbk.) 
035 |a 16017  |b (N$T) 
035 |a nL16017 
040 |a N$T  |c N$T  |d UtOrBLW 
050 1 4 |a QA76.9.C55  |b H39 1998eb 
082 0 4 |a 005.713769  |2 21 
100 1 |a Heys, William B.  |0 http://id.loc.gov/authorities/names/nb99001509 
245 1 0 |a Using PowerBuilder 6 /  |c William B. Hayes and Charles Wood. 
246 1 0 |i At head of title: Special Edition Using PowerBuilder 6 
246 3 0 |a PowerBuilder 6 
250 |a Special ed. 
264 1 |a Indianapolis, Ind. :  |b Que,  |c 1997. 
300 |a xxv, 900 pages :  |b illustrations ;  |c 23 cm. 
336 |a text  |b txt  |2 rdacontent 
337 |a computer  |b c  |2 rdamedia 
338 |a online resource  |b cr  |2 rdacarrier 
500 |a Includes index. 
533 |a Electronic reproduction.  |b Boulder, Colo. :  |c NetLibrary,  |d 2000.  |n Available via World Wide Web.  |n Access may be limited to NetLibrary affiliated libraries. 
500 |a Electronic resource. 
630 0 0 |a PowerBuilder.  |0 http://id.loc.gov/authorities/names/n94044031 
650 0 |a Client/server computing.  |0 http://id.loc.gov/authorities/subjects/sh93000502 
650 0 |a Distributed operating systems (Computers)  |0 http://id.loc.gov/authorities/subjects/sh90004436 
650 0 |a Computer programming.  |0 http://id.loc.gov/authorities/subjects/sh85107310 
655 7 |a Electronic books.  |2 local 
700 1 |a Wood, Charles A.  |0 http://id.loc.gov/authorities/names/n95048322 
710 2 |a NetLibrary, Inc.  |0 http://id.loc.gov/authorities/names/no99080690 
856 4 1 |u https://proxy.library.tamu.edu/login?url=http://www.netLibrary.com/urlapi.asp?action=summary&v=1&bookid=16017  |z Connect to the full text of this electronic book  |t 0 
999 |a MARS 
999 f f |s b37e9779-137b-3a57-8af0-fd5ff6f6739d  |i 37ac40c4-13d4-3ee3-8819-21ce804fc6c4  |t 0 
952 f f |a Texas A&M University  |b College Station  |c Electronic Resources  |d Available Online  |t 0  |e QA76.9.C55 H39 1998eb  |h Library of Congress classification 
998 f f |a QA76.9.C55 H39 1998eb  |t 0  |l Available Online